Chinese historiography on the revolution of 1911 (Record no. 1079732)

MARC details
000 -LEADER
fixed length control field 00874nam a2200277Ia 4500
003 - CONTROL NUMBER IDENTIFIER
control field OSt
005 - DATE AND TIME OF LATEST TRANSACTION
control field 20221006144420.0
008 - FIXED-LENGTH DATA ELEMENTS--GENERAL INFORMATION
fixed length control field 221006b |||||||| |||| 00| 0 eng d
037 ## - SOURCE OF ACQUISITION
Terms of availability Textual
040 ## - CATALOGING SOURCE
Original cataloging agency EASL
Transcribing agency EASL
Language of cataloging eng
041 ## - LANGUAGE CODE
Source of code eng
Language code of text/sound track or separate title eng
100 ## - MAIN ENTRY--PERSONAL NAME
Personal name HSIEH Winston
9 (RLIN) 651931
245 #0 - TITLE STATEMENT
Title Chinese historiography on the revolution of 1911
Remainder of title A critical survey and a selected bibliography
260 ## - PUBLICATION, DISTRIBUTION, ETC.
Place of publication, distribution, etc. Standford
Name of publisher, distributor, etc. Hoover Institution Press
Date of publication, distribution, etc. 1975
300 ## - PHYSICAL DESCRIPTION
Extent xvi,166p.
Dimensions cm.
490 ## - SERIES STATEMENT
Volume/sequential designation CEL
Series statement Hoover Institution Studies, 34
650 ## - SUBJECT ADDED ENTRY--TOPICAL TERM
Topical term or geographic name entry element Bibliography- Writings- Orthodox
9 (RLIN) 651932
650 ## - SUBJECT ADDED ENTRY--TOPICAL TERM
Topical term or geographic name entry element CEL
650 ## - SUBJECT ADDED ENTRY--TOPICAL TERM
Topical term or geographic name entry element Revolution- Bibliographical -Chinese
9 (RLIN) 651933
942 ## - ADDED ENTRY ELEMENTS (KOHA)
Classification part Vv41.N11, L5
Koha item type Textual
Source of classification or shelving scheme Colon Classification (CC)
Holdings
Withdrawn status Lost status Source of classification or shelving scheme Damaged status Not for loan Home library Current library Date acquired Serial Enumeration / chronology Total Checkouts Full call number Barcode Date last seen Price effective from Koha item type
    Colon Classification (CC)     Department of East Asian Studies Library Department of East Asian Studies Library 2022-10-06 CEL   Vv41.N11 L5 EA0523077 2022-10-06 2022-10-06 Textual
Copyright @ Delhi University Library System